Biblioteca y Centro de Documentación

Guía buenas prácticas en ergonomía aplicada a la prevención de riesgos laborales de tipo psicosocial (Registro nro. 48989)

Detalles MARC
000 -CABECERA
Longitud fija campo de control 01349nam a2200349 c 4500
001 - NÚMERO DE CONTROL
Número de control 48989
003 - IDENTIFICADOR DE NÚMERO DE CONTROL
Identificador del número de control ES-MaCES
005 - FECHA Y HORA DE LA ÚLTIMA TRANSACCIÓN
Fecha y hora de la última transacción 20170308132403.0
008 - CAMPO FIJO DE DESCRIPCIÓN FIJA--INFORMACIÓN GENERAL
Códigos de información de longitud fija   170307s2016 sp 000 | spa d
017 ## - NÚMERO DE REGISTRO DE DERECHOS DE AUTOR Y DEPÓSITO LEGAL
Número de copyright o de depósito legal M 43586-2016
Agencia que asigna el número DL
040 ## - FUENTE DE CATALOGACIÓN
Centro catalogador de origen ES-MaCES
Lengua de catalogación spa
Centro transcriptor ES-MaCES
245 00 - MENCIÓN DE TÍTULO
Título Guía buenas prácticas en ergonomía aplicada a la prevención de riesgos laborales de tipo psicosocial
Mención de responsabilidad, etc. [coord. de la guía, José J. Cañas Delgado ; autores, Elías Alonso López ... et al.]
260 ## - PUBLICACIÓN, DISTRIBUCIÓN, ETC (PIE DE IMPRENTA)
Lugar de publicación, distribución, etc. [Madrid]
Nombre del editor, distribuidor, etc. Secretaría de Salud Laboral y Medio Ambiente de UGT-CEC
Fecha de publicación, distribución, etc. [2016]
300 ## - DESCRIPCIÓN FÍSICA
Extensión 284 p.
Otras características físicas gráf. col.
Dimensiones 21x24 cm
504 ## - NOTA DE BIBLIOGRAFÍA, ETC.
Nota de bibliografía, etc. Bibliografía: p. 267
541 ## - NOTA DE LA FUENTE INMEDIANTE DE ADQUISICIÓN
Forma de adquisición Gratuito
650 #4 - ASIENTO SECUNDARIO DE MATERIA--TÉRMINO DE MATERIA
Término de materia o nombre geográfico como elemento inicial ergonomía
9 (RLIN) 28325
650 #4 - ASIENTO SECUNDARIO DE MATERIA--TÉRMINO DE MATERIA
Término de materia o nombre geográfico como elemento inicial ambiente de trabajo
9 (RLIN) 29086
650 #4 - ASIENTO SECUNDARIO DE MATERIA--TÉRMINO DE MATERIA
Término de materia o nombre geográfico como elemento inicial riesgo
9 (RLIN) 29564
650 #4 - ASIENTO SECUNDARIO DE MATERIA--TÉRMINO DE MATERIA
Término de materia o nombre geográfico como elemento inicial tensión psicológica
9 (RLIN) 28344
650 #4 - ASIENTO SECUNDARIO DE MATERIA--TÉRMINO DE MATERIA
Término de materia o nombre geográfico como elemento inicial salud en el trabajo
9 (RLIN) 28347
650 #4 - ASIENTO SECUNDARIO DE MATERIA--TÉRMINO DE MATERIA
Término de materia o nombre geográfico como elemento inicial seguridad en el trabajo
9 (RLIN) 28348
650 #4 - ASIENTO SECUNDARIO DE MATERIA--TÉRMINO DE MATERIA
Término de materia o nombre geográfico como elemento inicial legislación del trabajo
9 (RLIN) 27166
650 #4 - ASIENTO SECUNDARIO DE MATERIA--TÉRMINO DE MATERIA
Término de materia o nombre geográfico como elemento inicial España
9 (RLIN) 26964
650 #4 - ASIENTO SECUNDARIO DE MATERIA--TÉRMINO DE MATERIA
Término de materia o nombre geográfico como elemento inicial repertorio de recomendaciones prácticas
9 (RLIN) 29261
653 10 - TÉRMINO DE INDEXACIÓN--NO CONTROLADO
Término no controlado Salud
700 1# - ENCABEZAMIENTO SECUNDARIO--NOMBRE PERSONAL
9 (RLIN) 37890
Nombre de persona Cañas Delgado, José J.
Término indicativo de función coord.
700 1# - ENCABEZAMIENTO SECUNDARIO--NOMBRE PERSONAL
9 (RLIN) 37891
Nombre de persona Alonso López, Elías
710 2# - ENCABEZAMIENTO SECUNDARIO--NOMBRE CORPORATIVO
Nombre de entidad o nombre de jurisdicción como elemento inicial Unión General de Trabajadores de España
Unidad subordinada Secretaría de Salud Laboral y Medio Ambiente
Término indicativo de función ed.
9 (RLIN) 36419
902 ## - CES. TIPO DE DOCUMENTO
Tipodoc (006$c Sirtex) LIB Libro
942 ## - ELEMENTOS KOHA
Fuente de clasificaión o esquema Clasificación propia del CES
Koha [por defecto] tipo de item Monografías
Parte de clasificación Salud
Existencias
Número de registro Signatura completa Tipo de item de Koha
088788 SG-3.1.-67 Monografías
© CES, Consejo Económico y Social de España 2021